000 00731nam a2200205Ii 4500
003 JO-AjNU
008 230605s9999||||xx |||||||||||||| ||und||
040 _aJO-AjNU
_bara
_erda
_cJO-AjNU
041 _aara
050 1 4 _aBP131.5.M83 1997
100 3 _aتاليف محيسن، محمد سالم,
_eauthor
_919122
245 0 0 _aالهادي: شرح طيبة النشر في القراءات العشر والكشف عن علل القراءات ةتوجيهها، ج1
250 _aط1
264 3 1 _aبيروت: دار الجيل، 1997
300 _aج1، 432ص
336 _atext
_btxt
_2rdacontent
337 _aunmediated
_bn
_2rdamedia
338 _avolume
_bnc
_2rdacarrier
650 4 _aالقران - القراءات
_919123
999 _aA6244
_c9812
_d9812